Porovnanie efektivity dvoch značkovačov bunkového delenia v mozgu

Salvato in:
Dettagli Bibliografici
Autore principale: Mikulášková, Viktória (Autore)
Altri autori: Niederová, Ľubica (Relatore della tesi)
Natura: Manoscritto Libro
Lingua:slovacco
Pubblicazione: 2020
Soggetti:
Accesso online:http://is.stuba.sk/zp/portal_zp.pl?podrobnosti=152504
Tags: Aggiungi Tag
Nessun Tag, puoi essere il primo ad aggiungerne!!

MARC

LEADER 00000ntm a22000003a 4500
001 stuzp79887
003 SK-STU
005 20200627210932.3
007 ta
008 150427s2015----xo-----f-mn---000-0-slo-d
040 |a STU  |b slo 
041 0 |a slo 
100 1 |a Mikulášková, Viktória  |u 043000  |4 aut  |U FCHPT Fakulta chemickej a potravinárskej technológie  |T FCHPT Ústav biochémie a mikrobiológie  |X 99222  |U C3000  |Y 101  |7 99222 
242 0 1 |a Comparison of effectivity of two cell proliferation markers in brain  |y eng 
245 1 0 |a Porovnanie efektivity dvoch značkovačov bunkového delenia v mozgu 
260 |c 2020 
650 4 |a neurogenéza  |2 slo 
650 4 |a imunohistochémia  |2 slo 
650 4 |a BrdU  |2 slo 
650 4 |a EdU  |2 slo 
650 4 |a dávka  |2 slo 
650 4 |a neurogenesis  |2 eng 
650 4 |a immunohistochemistry  |2 eng 
650 4 |a BrdU  |2 eng 
650 4 |a EdU  |2 eng 
650 4 |a dose  |2 eng 
700 1 |a Niederová, Ľubica  |4 ths  |X 100459  |7 100459 
856 4 |u http://is.stuba.sk/zp/portal_zp.pl?podrobnosti=152504